Le top 10 des universités françaises dans le classement THE 2025 - Statistiques

Statistiques générales
  • Ce quiz a été pris 52 fois
  • Le résultat moyen est 2 sur 14
Statistiques - réponses
Rang Université % Correct
76 Sorbonne Université
96%
64 Université Paris-Saclay
43%
71 Institut Polytechnique de Paris
33%
183 Université Paris Cité
27%
42 Paris Sciences et Lettres
24%
401–500 Aix-Marseille Université
4%
401–500 Université Claude Bernard Lyon 1
4%
401–500 Université de Bordeaux
4%
401–500 Université de Toulouse
4%
351–400 Université de Montpellier
2%
251-300 École Normale Supérieure de Lyon
0%
351–400 IMT Atlantique
0%
351–400 Institut Agro
0%
351–400 Université Grenoble Alpes
0%
Aucun quiz correspondant
Distribution des résultats
% des personnes avec chaque résultat
Percentile par nombre de réponses
Votre historique - résultats
Vous n’avez pas pris ce quiz